Normal view
MARC view
- Ross, C. T. F.,
Entry Personal Name
001 - CONTROL NUMBER
- control field: 93352
003 - CONTROL NUMBER IDENTIFIER
- control field: NUST
005 - DATE AND TIME OF LATEST TRANSACTION
- control field: 20220706172803.0
008 - FIXED-LENGTH DATA ELEMENTS
- fixed length control field: 220706|| aca||aabn | a|a d
040 ## - CATALOGING SOURCE
- Original cataloging agency: NUST
- Transcribing agency: NUST
100 ## - HEADING--PERSONAL NAME
- Personal name: Ross, C. T. F.,
- Dates associated with a name: 1935-
670 ## - SOURCE DATA FOUND
- Source citation: Work cat.: (NUST)0: Case, John, 1888-1969. 93350, Strength of Materials and Structures /, 1999.
